000 00556nam a2200217Ia 4500
001 a785-22288 [774]
003 IT-MiCISF
005 20260206145720.0
008 161014s9999||||xx |||||||||||||| ||und||
040 _aIT-MiCISF
_cIT-MiCISF
041 _ait
100 _aCorradini Luciano
_962539
245 0 _aLa scuola e i giovani verso il Duemila
260 _a Teramo,
_bGiunti e Lisciani,
_c1986
300 _app. 216
500 _a / giovani, educazione, scuola /
650 _aScuola
654 _asaggio
942 _cBK
_2ddc
999 _c216657
_d216657
999 _bsi